Republic of Estonia : Staff Report for the 2014 Article IV Consultation.

This 2014 Article IV Consultation highlights that in 2013, Estonia's recovery from the crisis continued but at a slower pace. Real GDP growth was 0.8 percent, with private consumption providing the main support, although net exports made a negative contribution. Inflation declined to about 3 1\...

תיאור מלא

מידע ביבליוגרפי
מחבר תאגידי: International Monetary Fund. European Dept
פורמט: כתב-עת
שפה:English
יצא לאור: Washington, D.C. : International Monetary Fund, 2014.
סדרה:IMF Staff Country Reports; Country Report ; No. 2014/112
גישה מקוונת:Full text available on IMF
LEADER 01673cas a2200241 a 4500
001 AALejournalIMF014374
008 230101c9999 xx r poo 0 0eng d
020 |c 5.00 USD 
020 |z 9781484373118 
022 |a 1934-7685 
040 |a BD-DhAAL  |c BD-DhAAL 
110 2 |a International Monetary Fund.  |b European Dept. 
245 1 0 |a Republic of Estonia :   |b Staff Report for the 2014 Article IV Consultation. 
264 1 |a Washington, D.C. :  |b International Monetary Fund,  |c 2014. 
300 |a 1 online resource (46 pages) 
490 1 |a IMF Staff Country Reports 
500 |a <strong>Off-Campus Access:</strong> No User ID or Password Required 
500 |a <strong>On-Campus Access:</strong> No User ID or Password Required 
506 |a Electronic access restricted to authorized BRAC University faculty, staff and students 
520 3 |a This 2014 Article IV Consultation highlights that in 2013, Estonia's recovery from the crisis continued but at a slower pace. Real GDP growth was 0.8 percent, with private consumption providing the main support, although net exports made a negative contribution. Inflation declined to about 3 1\2 percent, but stayed above the euro average. Public finances remained strong, with a fiscal deficit of 0.2 percent of GDP and a gross public debt of 10 percent of GDP. Real GDP growth is projected at 2.4 percent in 2014, rising toward expected potential growth of 3 to 3.5 percent in the medium term. 
538 |a Mode of access: Internet 
830 0 |a IMF Staff Country Reports; Country Report ;  |v No. 2014/112 
856 4 0 |z Full text available on IMF  |u http://elibrary.imf.org/view/journals/002/2014/112/002.2014.issue-112-en.xml  |z IMF e-Library